| 000 | 00874nam a2200253 a 4500 | ||
|---|---|---|---|
| 003 | MX-MxUPN | ||
| 005 | 20250620102140.0 | ||
| 008 | 991125s1971 mx 000 0 spa u | ||
| 035 | _aUPN01000005833 | ||
| 040 |
_aMX-MxUPN _bspa _cMX-MxUPN |
||
| 041 | 0 | _aspa | |
| 050 | 1 | 4 |
_aBF675 _bL628 |
| 100 | 1 |
_aLorenz, Konrad, _d1903-1989 _930584 |
|
| 100 | 1 |
_aLeyhausen, Paul, _d1916-1998 _930585 |
|
| 245 | 1 | 0 |
_aBiología del comportamiento : _braíces instintivas de la agresión, el medio y la libertad |
| 250 | _aPrimera edición. | ||
| 260 |
_aMéxico : _bSiglo XXI, _c1971. |
||
| 300 |
_a322 páginas : _bilustraciones |
||
| 490 | 0 | _aCiencia y técnica | |
| 650 | 4 |
_aPsicología comparada _99042 |
|
| 650 | 4 |
_aConducta (Psicología) _94460 |
|
| 710 | 2 |
_aCentro Nacional de Documentación e Información Educativa (México) _951353 _epropietario anterior |
|
| 942 |
_2lcc _cLIBRO |
||
| 999 |
_c5833 _d5833 |
||